World Heritage Sites by Picture - Statistics

General Stats
  • This quiz has been taken 28 times
  • The average score is 7 of 15
Answer Stats
Picture Answer % Correct
Taj Mahal
100%
Statue of Liberty
92%
Petra
85%
Angkor
81%
Machu Picchu
77%
Uluru
73%
Auschwitz
69%
Venice
62%
Tower of London
31%
Everglades
23%
Ha Long Bay
19%
Assisi
8%
Bikini Atoll
4%
St. Kilda
0%
Surtsey
0%
No matching quizzes found
Score Distribution
Percent of People with Each Score
Percentile by Number Answered
Your Score History
You have not taken this quiz